| 000 | 02382cam a2200445 4500 | ||
|---|---|---|---|
| 001 | L125854 | ||
| 008 | 040416n2007 000 0 eng u | ||
| 020 |
_a1845921208 _a9781845921200 |
||
| 035 | _a(Sirsi) u125854 | ||
| 050 | 0 | 4 | _a346.4104342 $2 18 |
| 100 | 1 | _aSherriff, Gerald | |
| 245 | 0 | 0 | _aService charges for leasehold, freehold and commonhold |
| 260 |
_aHayward Heath _bTottel _c2007 |
||
| 300 |
_axxxii, 622p. _c26cm. |
||
| 350 | _a98.00 | ||
| 505 | 2 | _aThe origins of service charges -- General principles and elements -- Drafting and negotiating service charge provision -- The procedure for collection -- Some specific services and works -- Other service charge provisions -- Sinking funds and reserve funds -- Service charges and rent -- The main statutory provisions affecting service charges -- Statutory provision applying in limited cases -- The codes of practice -- Management companies and similar bodies -- Apportionments on sale and surrender -- Maximising service charge recovery for leases -- Challenging a service charge demand -- Freehold equivalents of service charges -- Commonhold -- Service charges under various regimes | |
| 520 | _aDiscusses the law affecting dwellings and the provisions through which landlords can recover spent money from tenants. Covers both legal and practical elements of service charges, and includes sections on rent charges and commonhold assessment. | ||
| 590 | _aKA | ||
| 650 | 2 | 4 | _aCOMMONHOLD AND LEASEHOLD REFORM ACT 2002 |
| 650 | 2 | 4 | _aLANDLORD AND TENANT (COVENANTS) ACT 1995 |
| 650 | 2 | 4 | _aCOMMONHOLD REGULATIONS 2004 |
| 650 | 2 | 4 | _aARBITRATION ACT 1996 |
| 650 | 2 | 4 | _aHOUSING ACT 1995 |
| 650 | 2 | 4 | _aLEASEHOLD REFORM, HOUSING AND URBAN DEVELOPMENT ACT 1993 |
| 650 | 2 | 4 | _aPROPERTY MISDESCRIPTION ACT 1991 |
| 650 | 2 | 4 | _aRENT ACT 1977 |
| 650 | 2 | 4 | _aRENTCHARGES ACT 1977 |
| 650 | 2 | 4 | _aLAW OF PROPERTY ACT 1925 |
| 650 | 2 | 4 | _aSUPPLY OF GOODS AND SERVICES ACT 1982 |
| 650 | 2 | 4 | _aLANDS TRIBUNAL ACT 1949 |
| 650 | 2 | 4 | _aUNFAIR CONTRACT TERMS ACT 1977 |
| 650 | 2 | 4 | _aLANDLORD AND TENANT ACT 1954 |
| 650 | 2 | 4 | _aLANDLORD AND TENANT ACT 1985 |
| 650 | 2 | 4 | _aCOMPANIES ACT 1985 |
| 650 | 2 | 4 | _aHOUSING ACT 1985 |
| 650 | 2 | 4 | _aHOUSING ACT 1988 |
| 651 | 4 |
_aEngland and Wales _y1543- |
|
| 690 | _aPROPERTY-RESIDENTIAL PROPERTY-RESIDENTIAL LANDLORD AND TENANT-RESIDENTIAL SERVICE CHARGES | ||
| 942 | _n0 | ||
| 999 |
_c103480 _d103480 |
||